UBT Library

Ajax (Record no. 676)

000 -LEADER
fixed length control field 00667nam a22002177a 4500
008 - FIXED-LENGTH DATA ELEMENTS--GENERAL INFORMATION
fixed length control field 150410b xxu||||| |||| 00| 0 eng d
020 ## - INTERNATIONAL STANDARD BOOK NUMBER
International Standard Book Number 9780071492164 (alk. paper)
020 ## - INTERNATIONAL STANDARD BOOK NUMBER
International Standard Book Number 007149216X (alk. paper)
041 0# - LANGUAGE CODE
Language code of text/sound track or separate title eng
080 ## - UNIVERSAL DECIMAL CLASSIFICATION NUMBER
Universal Decimal Classification number 004.2
100 1# - Rafti
Rafti Powell, Thomas A.,
245 10 - TITLE STATEMENT
Title Ajax
Statement of responsibility, etc the complete reference /
260 ## -
-- New York :
-- McGraw-Hill,
-- 2008.
300 ## -
-- 654 f.:
-- me il.;
-- 24 cm.
505 ## -
-- Index: f.635-654
650 #0 -
-- Kompjuterët
650 #0 -
-- Ajax (Web site development technology)
650 #0 -
-- JavaScript (Computer program language)
650 #0 -
-- Web sites
942 ## - ADDED ENTRY ELEMENTS (KOHA)
Source of classification or shelving scheme
Item type Books
Holdings
Withdrawn status Lost status Source of classification or shelving scheme Damaged status Not for loan Collection code Permanent location Current location Shelving location Date acquired Total Checkouts Full call number Barcode Date last seen Koha item type Price effective from
          Koleksioni i përgjithshem UBT - Lipjan UBT - Lipjan Koleksioni i përgjithshem 04/10/2015   004.2 POW 002-020586 04/10/2015 Books  
          Koleksioni i përgjithshem UBT - Lipjan UBT - Lipjan Koleksioni i përgjithshem 03/01/2016   004.2 POW 002-021038 03/01/2016 Books 03/01/2016
          Koleksioni i përgjithshem UBT - Lipjan UBT - Lipjan Koleksioni i përgjithshem 03/01/2016   004.2 POW 002-021293 03/01/2016 Books 03/01/2016
          Koleksioni i përgjithshem UBT - Lipjan UBT - Lipjan Koleksioni i përgjithshem 03/01/2016   004.2 POW 002-021294 03/01/2016 Books 03/01/2016
          Koleksioni i përgjithshem UBT - Lipjan UBT - Lipjan Koleksioni i përgjithshem 03/01/2016   004.2 POW 002-021295 03/01/2016 Books 03/01/2016
          Koleksioni i përgjithshem UBT - Lipjan UBT - Lipjan Koleksioni i përgjithshem 03/01/2016   004.2 POW 002-021296 03/01/2016 Books 03/01/2016
          Koleksioni i përgjithshem UBT - Lipjan UBT - Lipjan Koleksioni i përgjithshem 03/01/2016   004.2 POW 002-021297 03/01/2016 Books 03/01/2016
          Koleksioni i përgjithshem UBT - Lipjan UBT - Lipjan Koleksioni i përgjithshem 03/01/2016   004.2 POW 002-021298 03/01/2016 Books 03/01/2016
          Koleksioni i përgjithshem UBT - Lipjan UBT - Lipjan Koleksioni i përgjithshem 03/01/2016   004.2 POW 002-021299 03/01/2016 Books 03/01/2016
          Koleksioni i përgjithshem UBT - Lipjan UBT - Lipjan Koleksioni i përgjithshem 03/01/2016   004.2 POW 002-021300 03/01/2016 Books 03/01/2016
          Koleksioni i përgjithshem UBT - Lipjan UBT - Lipjan Koleksioni i përgjithshem 03/01/2016   004.2 POW 002-021301 03/01/2016 Books 03/01/2016
          Koleksioni i përgjithshem UBT - Lipjan UBT - Lipjan Koleksioni i përgjithshem 03/01/2016   004.2 POW 002-021302 03/01/2016 Books 03/01/2016
UBT Library © 2015-2024. All rights reserved University Education for Business and Technology